000
00306nam a22001337a 4500
008
190225b xxu||||| |||| 00| 0 eng d
020
_a
9781560989950
041
_a
eng
080
_a
910
100
_a
42
101
_a
GJEO
245
_a
Vikings. The North Atlantic Saga
_c
Fitzhugh, W.W
942
_2
udc
_c
BK
999
_c
54240
_d
54240